• 首页
  • 本馆介绍
  • 公告通知
  • 最新文献
  • 馆藏检索
  • 电子资源
  • 读者导购
  • 参考咨询
  • 我的图书馆
  • 登录
  • 详细信息显示
  • 放入我的书架
  • 预约/预借图书
  • 作者相关作品
  • 分类相关作品
  • 丛书相关作品
  • 出版社相关作品

书目信息

  • 表格格式
  • 工作单格式
  • 卡片格式
题名:
图说中国文化
    
 
作者: 李书源 编著
分册:   建筑工程卷
出版信息: 长春   吉林人民出版社  2009
页数: 208页
开本: 25cm
丛书名:
单 册:
中图分类: K203-49 , TU-092
科图分类:
主题词: 文化史--中国--通俗读物 , 建筑史--中国--普及读物 , 文化史 , 建筑史
电子资源:
ISBN: 978-7-206-05323-8
000 00886nam0 2200277 45
001 1050813015
005 20100419100153.01
010    @a978-7-206-05323-8@dCNY39.80
100    @a20100409d2009 em y0chiy50 ea
101 0  @achi
102    @aCN@b220000
105    @aa z 000yy
106    @ar
200 1  @a图说中国文化@ATu Shuo Zhong Guo Wen Hua@i建筑工程卷@IJian Zhu Gong Cheng Juan@f李书源编著@FLi Shu Yuan Bian Zhu
210    @a长春@c吉林人民出版社@d2009
215    @a208页@c图@d25cm
330    @a本书对不同类型的中国古代建筑进行了景观、历史和人文特征的介绍,增加人们对中国古代建筑的理解。
606 0  @a文化史@y中国@j通俗读物
606 0  @a建筑史@y中国@j普及读物
606 0  @a文化史
606 0  @a建筑史
690    @aK203-49@v4
690    @aTU-092@v4
701  0 @a李书源@ALi Shu Yuan@4编著
801  0 @aCN@bTANGWEI@c20100419
905    @b0590775-79@dK203-49@e129:1@f5
    
    图说中国文化.建筑工程卷/李书源编著.-长春:吉林人民出版社,2009
    208页:图;25cm
    
    
    ISBN 978-7-206-05323-8:CNY39.80
    本书对不同类型的中国古代建筑进行了景观、历史和人文特征的介绍,增加人们对中国古代建筑的理解。
●
相关链接 在E读中查询图书 在五车中查询图书 在当当中查询图书 在豆瓣中查询图书


正题名:图说中国文化     索取号:K203-49/129:1         预约/预借

序号 登录号 条形码 馆藏地/架位号 状态 备注
1 0590775   205907759   第二样本阅览室/ [索取号:K203-49/129:1] 在馆    
2 0590776   205907768   第二借阅区/ [索取号:K203-49/129:1] 在馆    
3 0590777   205907777   第二借阅区/ [索取号:K203-49/129:1] 在馆    
4 0590778   205907786   第二借阅区/ [索取号:K203-49/129:1] 在馆    
5 0590779   205907795   第二借阅区/ [索取号:K203-49/129:1] 在馆    
唐山师范学院图书馆 欢迎您!
大连网信软件有限公司© 版权所有